| 000 | 00448nam a2200181Ia 4500 | ||
|---|---|---|---|
| 001 | 8397 | ||
| 008 | 140324s9999 xx 000 0 und d | ||
| 020 | _a0-87857-721-1 | ||
| 040 | _cPK-LaUMT | ||
| 082 |
_a 613 _bFUT- |
||
| 100 | _aKeough, Carol, Ed. | ||
| 245 |
_aFuture youth : How to reverse the aging process _cKeough, Carol, Ed. |
||
| 260 | _c1987 | ||
| 300 | _a646 p. | ||
| 546 | _aEN | ||
| 650 | _aAging-physiogical aspects | ||
| 942 | _cBK | ||
| 999 |
_c9740 _d9740 |
||